Ako úspešne vystupovať na verejnosti za 7 dní

Salvato in:
Dettagli Bibliografici
Autore principale: Peel, Malcolm
Altri autori: Šimunková, Nina (Traduttore)
Natura: Libro
Lingua:slovacco
inglese
Pubblicazione: Bratislava Open Windows 1996
Edizione:1. vyd.
Serie:Úspešný manažer
Soggetti:
Accesso online:Visualizza in OPAC
Tags: Aggiungi Tag
Nessun Tag, puoi essere il primo ad aggiungerne!!

MARC

LEADER 00000nam a2200000 a 4500
005 20260127134106.0
008 070709s1996 xo slo
020 |a 8085741199 (brož.)  |c 115.00 
035 |a vtls009051708 
035 |a PPPK44672 
039 9 |a 201712181438  |b msnk03  |c 201712141159  |d msnk13  |c 200902160844  |d mschk03  |c 200810021016  |d mschk03  |y 200707231617  |z VLOAD 
040 |a PPPK  |b slo  |c PPPK  |d STUSCHK1 
041 1 |a slo  |h eng 
080 |a 65.01 
080 |a 658.3(035) 
100 1 |a Peel, Malcolm 
245 1 0 |a Ako úspešne vystupovať na verejnosti za 7 dní  |c Malcolm Peel ; [z anglického originálu prel. Nina Šimunková] 
250 |a 1. vyd. 
260 |a Bratislava  |b Open Windows  |c 1996 
300 |a 100 s. brož. 
490 1 |a Úspešný manažer 
650 0 7 |a manažment  |2 PPPK 
650 0 7 |a riadenie  |2 PPPK 
650 0 7 |a vedúci pracovníci  |2 PPPK 
655 7 |a prejavy  |2 PPPK 
655 7 |a príručky  |2 PPPK 
700 1 |a Šimunková, Nina  |4 trl  |9 438 
830 0 |a Úspešný manažer 
910 |a snk 
919 |a 80-85741-19-9 
999 |c 3891  |d 3891 
942 0 0 |0 1